00827njm a2200205 i 45000010005000000030009000050050017000140070015000310080041000461000026000872450080001132600041001933000053002345000035002875180134003226100070004566500021005267100044005478520030005914616ES-MaACL20240620063043.0s|r|||||||||||070801n1964 sp ||| g ||||||||1|nspa d1 aMiranda, Sebastián.10aMi vida a trozos h[Grabación sonora] / cinterviene Sebastián Miranda. aMadrid : bAteneo de Madrid, c1964. a1 disco (CD-DA) (1 h. 10 min. 2 seg.) ; c12 cm. aDatos basados en invitación. aActo organizado por el Aula de Literatura del Ateneo de Madrid, grabado en el salón de actos el martes 15 de diciembre de 1964.24aAteneo de Madrid-xActos culturales-y1964-vGrabaciones sonoras.14aAutobiografía.2 aAteneo de Madrid. bAula de Literatura. aES-MaACLjROT 3/1/12cROT